Hóa học và ứng dụng = Chemistry and application

में बचाया:
ग्रंथसूची विवरण
स्वरूप: पुस्तक
भाषा:Undetermined
प्रकाशित: Hà Nội Hội Hóa học Việt Nam 2020
विषय:
टैग : टैग जोड़ें
कोई टैग नहीं, इस रिकॉर्ड को टैग करने वाले पहले व्यक्ति बनें!
Thư viện lưu trữ: Trung tâm Học liệu Trường Đại học Cần Thơ
LEADER 00550nam a2200193Ia 4500
001 CTU_238199
008 210402s9999 xx 000 0 und d
020 |c 15000 
082 |a 540 
082 |b H401 
245 0 |a Hóa học và ứng dụng = 
245 0 |b Chemistry and application 
245 0 |c Hội Hóa học Việt Nam 
260 |a Hà Nội 
260 |b Hội Hóa học Việt Nam 
260 |c 2020 
650 |a Hóa học,Chemistry 
904 |i T.Trang 
980 |a Trung tâm Học liệu Trường Đại học Cần Thơ